Болотница: роман

Sonraí bibleagrafaíochta
Príomhchruthaitheoir: Мастрюкова Т. Татьяна
Achoimre:С Викой никогда ничего не происходит и произойти не может — она в этом твердо уверена. Вот и теперь самое страшное, что ей грозит, — это летний месяц в глухой деревеньке, в старом доме на самом краю леса, вдали от друзей и интернета. Только деревня какая-то странная — не отмечена ни на одной карте. За высокими заборами прячутся тихие, будто вымершие, избы. Во дворе Викиного дома в зарослях малины скрывается темный, бездонный колодец, из которого веет необъяснимым ужасом. А в глубине густого зеленого леса затаилось болото, откуда по ночам в деревню приходит оно — или она? — и зовет, и манит за собой. Кому по силам вырваться из его объятий?
Teanga:Rúisis
Foilsithe / Cruthaithe: Москва, РОСМЭН, 2023
Ábhair:
Formáid: LEABHAR
KOHA link:https://koha.lib.tpu.ru/cgi-bin/koha/opac-detail.pl?biblionumber=176277

MARC

LEADER 00000nam0a2200000 4500
001 176277
005 20240415141310.0
010 |a 978-5-353-10418-6 
090 |a 176277 
100 |a 20240123d2023 em|y0rusy50 ca 
101 0 |a rus 
102 |a RU 
105 |a y z 000ay 
181 0 |a i   |b  e  
182 0 |a n 
183 0 |a nc  |2 RDAcarrier 
200 1 |a Болотница  |e роман  |f Татьяна Мастрюкова 
203 |a Текст  |b визуальный  |c непосредственный 
210 |a Москва  |c РОСМЭН  |d 2023 
215 |a 253 с. 
283 |a volume  |2 RDAcarrier 
330 |a С Викой никогда ничего не происходит и произойти не может — она в этом твердо уверена. Вот и теперь самое страшное, что ей грозит, — это летний месяц в глухой деревеньке, в старом доме на самом краю леса, вдали от друзей и интернета. Только деревня какая-то странная — не отмечена ни на одной карте. За высокими заборами прячутся тихие, будто вымершие, избы. Во дворе Викиного дома в зарослях малины скрывается темный, бездонный колодец, из которого веет необъяснимым ужасом. А в глубине густого зеленого леса затаилось болото, откуда по ночам в деревню приходит оно — или она? — и зовет, и манит за собой. Кому по силам вырваться из его объятий?  
606 1 |a Русская литература современная  |9 50316 
610 1 |a художественная литература 
610 1 |a мистика 
610 1 |a фэнтези 
610 1 |a проза 
675 |a Р2  |v 4  |z rus 
700 1 |a Мастрюкова  |b Т.  |g Татьяна 
801 0 |a RU  |b 63413507  |c 20240123  |g PSBO 
942 |c BK